Sports Quiz

Random Sports or NHL Quiz

NHL 100-Point Seasons 1981-2010 Quiz Stats

 Plays Quiz not verified by Sporcle

Score 0/200 Timer 15:00
0 Plays Today
Year Player % Correct
1981-1982Wayne Gretzky
99.4%
1982-1983Wayne Gretzky
99.4%
1983-1984Wayne Gretzky
99.4%
1984-1985Wayne Gretzky
99.4%
1985-1986Wayne Gretzky
99.4%
1986-1987Wayne Gretzky
99.4%
1987-1988Wayne Gretzky
99.4%
1988-1989Wayne Gretzky
99.4%
1989-1990Wayne Gretzky
99.4%
1990-1991Wayne Gretzky
99.4%
1991-1992Wayne Gretzky
99.4%
1993-1994Wayne Gretzky
99.4%
1995-1996Wayne Gretzky
99.4%
1984-1985Mario Lemieux
97.4%
1985-1986Mario Lemieux
97.4%
1986-1987Mario Lemieux
97.4%
1987-1988Mario Lemieux
97.4%
1988-1989Mario Lemieux
97.4%
1989-1990Mario Lemieux
97.4%
1991-1992Mario Lemieux
97.4%
1992-1993Mario Lemieux
97.4%
1995-1996Mario Lemieux
97.4%
1996-1997Mario Lemieux
97.4%
2005-2006Sidney Crosby
96%
2006-2007Sidney Crosby
96%
2008-2009Sidney Crosby
96%
2009-2010Sidney Crosby
96%
2005-2006Alex Ovechkin
95.9%
2007-2008Alex Ovechkin
95.9%
2008-2009Alex Ovechkin
95.9%
2009-2010Alex Ovechkin
95.9%
1995-1996Jaromir Jagr
95.4%
1997-1998Jaromir Jagr
95.4%
1998-1999Jaromir Jagr
95.4%
2000-2001Jaromir Jagr
95.4%
2005-2006Jaromir Jagr
95.4%
1982-1983Mark Messier
94.8%
1983-1984Mark Messier
94.8%
1986-1987Mark Messier
94.8%
1987-1988Mark Messier
94.8%
1989-1990Mark Messier
94.8%
1991-1992Mark Messier
94.8%
1989-1990Joe Sakic
94.2%
1990-1991Joe Sakic
94.2%
1992-1993Joe Sakic
94.2%
1995-1996Joe Sakic
94.2%
2000-2001Joe Sakic
94.2%
2006-2007Joe Sakic
94.2%
1987-1988Steve Yzerman
92.6%
1988-1989Steve Yzerman
92.6%
1989-1990Steve Yzerman
92.6%
1990-1991Steve Yzerman
92.6%
1991-1992Steve Yzerman
92.6%
1992-1993Steve Yzerman
92.6%
2002-2003Joe Thornton
92.1%
2005-2006Joe Thornton
92.1%
2006-2007Joe Thornton
92.1%
1989-1990Brett Hull
91.5%
1990-1991Brett Hull
91.5%
1991-1992Brett Hull
91.5%
1992-1993Brett Hull
91.5%
2007-2008Evgeni Malkin
91.5%
2008-2009Evgeni Malkin
91.5%
1992-1993Teemu Selanne
91.3%
1995-1996Teemu Selanne
91.3%
1996-1997Teemu Selanne
91.3%
1998-1999Teemu Selanne
91.3%
Year Player % Correct
2009-2010Henrik Sedin
91%
1995-1996Peter Forsberg
90.8%
2002-2003Peter Forsberg
90.8%
1981-1982Mike Bossy
89.3%
1982-1983Mike Bossy
89.3%
1983-1984Mike Bossy
89.3%
1984-1985Mike Bossy
89.3%
1985-1986Mike Bossy
89.3%
1995-1996Eric Lindros
88.6%
2006-2007Martin St. Louis
88.3%
1982-1983Jari Kurri
88%
1983-1984Jari Kurri
88%
1984-1985Jari Kurri
88%
1985-1986Jari Kurri
88%
1986-1987Jari Kurri
88%
1988-1989Jari Kurri
88%
1995-1996Paul Kariya
87.7%
1998-1999Paul Kariya
87.7%
2005-2006Dany Heatley
86.9%
2006-2007Dany Heatley
86.9%
2005-2006Daniel Alfredsson
85.9%
1992-1993Pavel Bure
85.1%
1993-1994Pavel Bure
85.1%
2006-2007Vincent Lecavalier
85.1%
1983-1984Paul Coffey
84.9%
1984-1985Paul Coffey
84.9%
1985-1986Paul Coffey
84.9%
1988-1989Paul Coffey
84.9%
1989-1990Paul Coffey
84.9%
1992-1993Mats Sundin
84.4%
1993-1994Sergei Fedorov
84.4%
1995-1996Sergei Fedorov
84.4%
2009-2010Nicklas Backstrom
84%
2005-2006Eric Staal
83.2%
1989-1990Ron Francis
83%
1992-1993Ron Francis
83%
1995-1996Ron Francis
83%
1981-1982Bryan Trottier
82.2%
1983-1984Bryan Trottier
82.2%
1987-1988Luc Robitaille
82.2%
1989-1990Luc Robitaille
82.2%
1991-1992Luc Robitaille
82.2%
1992-1993Luc Robitaille
82.2%
2002-2003Markus Naslund
82%
1989-1990Adam Oates
81.7%
1990-1991Adam Oates
81.7%
1992-1993Adam Oates
81.7%
1993-1994Adam Oates
81.7%
1985-1986Mats Naslund
81.7%
1991-1992Jeremy Roenick
79.8%
1992-1993Jeremy Roenick
79.8%
1993-1994Jeremy Roenick
79.8%
1989-1990Pat LaFontaine
79.6%
1992-1993Pat LaFontaine
79.6%
1981-1982Marcel Dionne
79.5%
1982-1983Marcel Dionne
79.5%
1984-1985Marcel Dionne
79.5%
1981-1982Peter Stastny
78.8%
1982-1983Peter Stastny
78.8%
1983-1984Peter Stastny
78.8%
1984-1985Peter Stastny
78.8%
1985-1986Peter Stastny
78.8%
1987-1988Peter Stastny
78.8%
1986-1987Doug Gilmour
78.1%
1992-1993Doug Gilmour
78.1%
1993-1994Doug Gilmour
78.1%
2006-2007Marian Hossa
77.6%
Year Player % Correct
1990-1991Mark Recchi
77.1%
1992-1993Mark Recchi
77.1%
1993-1994Mark Recchi
77.1%
1981-1982Denis Savard
77%
1981-1982Dale Hawerchuk
77%
1982-1983Denis Savard
77%
1983-1984Dale Hawerchuk
77%
1984-1985Dale Hawerchuk
77%
1984-1985Denis Savard
77%
1985-1986Denis Savard
77%
1985-1986Dale Hawerchuk
77%
1986-1987Dale Hawerchuk
77%
1987-1988Denis Savard
77%
1987-1988Dale Hawerchuk
77%
1992-1993Alexander Mogilny
76.4%
1995-1996Alexander Mogilny
76.4%
1990-1991Theoren Fleury
75.4%
1992-1993Theoren Fleury
75.4%
1991-1992Kevin Stevens
74.3%
1992-1993Kevin Stevens
74.3%
1981-1982Glenn Anderson
74.2%
1982-1983Glenn Anderson
74.2%
1985-1986Glenn Anderson
74.2%
1989-1990Pierre Turgeon
68.7%
1992-1993Pierre Turgeon
68.7%
1993-1994Brendan Shanahan
68.6%
1984-1985Bernie Nicholls
68.1%
1988-1989Bernie Nicholls
68.1%
1989-1990Bernie Nicholls
68.1%
1990-1991Al MacInnis
67.6%
1991-1992Brian Leetch
66.3%
1982-1983Michel Goulet
65.8%
1983-1984Michel Goulet
65.8%
1985-1986Michel Goulet
65.8%
1987-1988Michel Goulet
65.8%
1981-1982Dino Ciccarelli
64.4%
1986-1987Dino Ciccarelli
64.4%
1984-1985Mike Gartner
61.3%
1995-1996Doug Weight
60.3%
1981-1982Bobby Smith
60.1%
1983-1984Bernie Federko
58.9%
1984-1985Bernie Federko
58.9%
1985-1986Bernie Federko
58.9%
1990-1991Steve Larmer
54.4%
1981-1982Dave Taylor
53.8%
1988-1989Joe Mullen
52.5%
1981-1982Dennis Maruk
51.3%
1987-1988Jimmy Carson
49.8%
1988-1989Jimmy Carson
49.8%
1982-1983Kent Nilsson
48.8%
1987-1988Hakan Loob
48%
1988-1989Rob Brown
47.1%
1983-1984Rick Middleton
44.2%
1985-1986Neal Broten
43.6%
1992-1993Craig Janney
42.6%
1984-1985Brent Sutter
42.5%
1990-1991John Cullen
42.3%
1992-1993Rick Tocchet
42%
1992-1993Joe Juneau
39.7%
1984-1985John Ogrodnick
36.6%
1982-1983Barry Pederson
34.2%
1983-1984Barry Pederson
34.2%
1984-1985John Tonelli
31.1%
1984-1985Paul MacLean
29.6%
1981-1982Mike Rogers
24.8%
1987-1988Mike Bullard
23.5%

You're not logged in!

Compare scores with friends on all Sporcle quizzes.
OR
Log In

Show Comments

Extras

Created Nov 29, 2010ReportNominate
Tags:NHL Quiz, 100-point, player, point, season, team

Top Quizzes Today


Score Distribution

Your Account Isn't Verified!

In order to create a playlist on Sporcle, you need to verify the email address you used during registration. Go to your Sporcle Settings to finish the process.

Report this User

Report this user for behavior that violates our Community Guidelines.

Details: